Załožba za Serbski Lud

Titel: Załožba za Serbski Lud = Stiftung für das Sorbische Volk
Körperschaft:
Veröffentlicht: [Bautzen], 1994
Umfang: 69 S. : Ill.
Format: Buch
Sprache: Sorbisch; Deutsch
RVK-Notation:
Schlagworte:
Kein Bild verfügbar
X
alg: 44561010
001A    $03004:26-02-19 
001B    $03004:27-02-19 $t19:34:54.000 
001D    $03004:26-02-19 
001U    $0utf8 
001X    $00 
002@    $0Aau 
003@    $0445610107 
003O    $01088437374 $aOCoLC 
006C    $057019516 $aOCoLC 
007A    $0065923227 $aBSZ 
010@    $awen $ager 
011@    $a1994 $n1994 
021A    $aZałožba za Serbski Lud $fStiftung für das Sorbische Volk 
027A    $aStiftung für das Sorbische Volk 
029A    $#Załožba za serbski lud $#Stiftung für das sorbische Volk $75288756-X $8Stiftung für das Sorbische Volk [Tb1] $9059243155 
033A    $p[Bautzen] 
034D    $a69 S. 
034M    $aIll. 
044K    $RSorbin $RElb- und Ostseeslawen $#Sorbs $#Sorabes $#Sorbe $#Wenden $#Serbja obersorbisch $#Serby niedersorbisch $74055619-0 $8Sorben [Ts1] $9085154792 
044K    $RStifter $RJuristische Person $#Endowments $#Fondations $#Fundaciones $#Stiftung $#Stiftung $#Stiftungen $74057542-1 $8Stiftung [Ts1] $9085160040 
044K    $#Domowina, Bund Lausitzer Sorben e.V. $#Domowina Domowina, Bund Lausitzer Sorben $#Bund Lausitzer Sorben $#Domowina, Zwězk Łužyskich Serbow $#Domowina, Zwjazk Łužiskich Serbow $#Zwězk Łužyskich Serbow $#Zwjazk Łužiskich Serbow $72009021-3 $8Domowina, Bund Lausitzer Sorben [Tb1] $9042647282 
044K    $RKulturphilosophie $RZivilisation $#Civilization $#Culture $#Civilisation $#Culture $#Cultura $#Civilización $#Kultur $#Kultur $#kulturelle Faktoren $74125698-0 $8Kultur [Tsz] $9085424803 
045F    $a305.80094315109049 $eDDC23BSB 
045F/01 $a305.8009 
045F/03 $f09049 
045F/03 $g43151 
045Z    $8KQ 4015 [Tkv] $9409297755 
045Z    $8NZ 15910 [Tkv] $9410956368 
045Z    $8NZ 15930 [Tkv] $9410956376 
045Z    $8MF 9300 [Tkv] $9410451096 

lok: 44561010 24

exp: 44561010 24 1 #EPN
201B/01 $028-02-19 $t10:32:34.000 
201C/01 $026-02-19 
201U/01 $0utf8 
203@/01 $01046516205 
208@/01 $a28-02-19 $bz 
209A/01 $a19.00891 $du $f050 $h19 00891 $x00 
209C/01 $a19.00891 G $h19 00891 G 
209G/01 $a74150799 $x00 
220C/01 $ahae 
247C/01 $8358050-7 Marburg, Bibliothek des Herder-Instituts Marburg $9102600961
LEADER 00000cam a2200000 c 4500
001 445610107
003 DE-603
005 20190227193454.0
007 tu
008 190226s1994 xx |||| | u00||u|wen c
035 |a (DE-599)BSZ065923227 
035 |a (OCoLC)1088437374 
040 |a DE-603  |b ger  |c DE-603  |d DE-603 
041 |a wen  |a ger 
082 0 4 |8 1\u  |a 305.80094315109049  |q DE-101  |2 23/BSB 
084 |a KQ 4015  |0 (DE-625)82555:  |0 (DE-603)409297755  |2 rvk 
084 |a NZ 15910  |0 (DE-625)132649:  |0 (DE-603)410956368  |2 rvk 
084 |a NZ 15930  |0 (DE-625)132650:  |0 (DE-603)410956376  |2 rvk 
084 |a MF 9300  |0 (DE-625)122809:  |0 (DE-603)410451096  |2 rvk 
085 |8 1\u  |b 305.8009 
085 |8 1\u  |z 1  |s 09049 
085 |8 1\u  |z 2  |s 43151 
110 2 |a Stiftung für das Sorbische Volk  |0 (DE-603)059243155  |0 (DE-588)5288756-X  |2 gnd 
245 0 0 |a Załožba za Serbski Lud  |b = Stiftung für das Sorbische Volk 
246 1 3 |a Stiftung für das Sorbische Volk 
264 1 |a [Bautzen]  |c 1994 
300 |a 69 S.  |b Ill. 
610 1 7 |a Domowina, Bund Lausitzer Sorben  |2 gnd  |0 (DE-588)2009021-3  |0 (DE-603)042647282 
650 7 |a Sorben  |0 (DE-588)4055619-0  |0 (DE-603)085154792  |2 gnd 
650 7 |a Stiftung  |0 (DE-588)4057542-1  |0 (DE-603)085160040  |2 gnd 
650 7 |a Kultur  |0 (DE-588)4125698-0  |0 (DE-603)085424803  |2 gnd 
924 0 |9 Mb 50  |a (DE-603)1046516205  |b DE-Mb50  |c HES  |d c  |g 19.00891